[Event "BAN-chT2 Borsho 2nd"]
[Site "Bangladesh"]
[Date "2021.01.21"]
[Round "2.4"]
[White "Asaduzzaman, Ahad"]
[Black "Mohammed, Anisuzzaman Tito"]
[Result "0-1"]
[WhiteElo "1772"]
[BlackElo "1576"]
[PlyCount "66"]
[EventDate "2021.01.20"]
[EventType "team-tourn"]
[EventRounds "9"]
[EventCountry "BAN"]
[SourceTitle "CBM 200 Extra"]
[Source "ChessBase"]
[SourceDate "2021.03.31"]
[SourceVersion "1"]
[SourceVersionDate "2021.03.31"]
[SourceQuality "1"]
[WhiteTeam "Latif Travels CC"]
[BlackTeam "Nakhalpara Jubo Kallyan Sangah"]
[WhiteTeamCountry "BAN"]
[BlackTeamCountry "BAN"]

1. e4 c5 2. c4 Nf6 3. Nc3 Nc6 4. g3 d6 5. Bg2 g6 6. Rb1 Bg7 7. a3 Ne5 8. d3 0-0 9. h3 a6 10. Nge2 Rb8 11. 0-0 Nfd7 12. f4 Nc6 13. Be3 Nd4 14. Bf2 Nxe2+ 15. Nxe2 b5 16. Qc2 f5 17. exf5 Rxf5 18. Nc3 Bb7 19. Nd5 e6 20. Ne3 Rf7 21. Qe2 Qe7 22. Rfe1 Nf6 23. g4 Bxg2 24. Nxg2 Re8 25. Bh4 Qb7 26. Bxf6 Bxf6 27. Qe4 Qd7 28. Re2 Bd4+ 29. Kh1 bxc4 30. dxc4 Qb7 31. Qd3 Rxf4 32. Kh2 Rf3 33. Qd2 Qc7 0-1

[Event "Dhaka IRT U2000"]
[Site "Dhaka"]
[Date "2018.02.14"]
[Round "1"]
[White "Faisal, Hossain"]
[Black "Mohammed, Anisuzzaman Tito"]
[Result "1-0"]
[WhiteElo "1924"]
[BlackElo "1631"]
[PlyCount "35"]
[EventDate "2018.02.14"]
[EventType "swiss"]
[EventRounds "9"]
[EventCountry "BAN"]
[SourceTitle "EXT 2024"]
[Source "ChessBase"]
[SourceDate "2023.10.10"]
[SourceVersion "1"]
[SourceVersionDate "2023.10.10"]
[SourceQuality "1"]

1. e4 e5 2. Nf3 Nc6 3. d4 exd4 4. Nxd4 Be7 5. Nc3 Nf6 6. Nf5 0-0 7. Nxe7+ Qxe7 8. Bg5 Qe6 9. Bd3 d5 10. Bxf6 dxe4 11. Nxe4 gxf6 12. 0-0 Ne5 13. Qh5 Kh8 14. Nxf6 Kg7 15. Qg5+ Ng6 16. Nh5+ Kh8 17. Rae1 Qxa2 18. Qf6+ 1-0